000 00474nam a2200169 i 4500
001 44758
003 ES-MaACL
005 20230906161105.0
007 t|
008 030324s1921 xxk ||||1| eng d
100 1 _aClarc, George.
_939006
245 1 2 _aA money-market primer and key to the exchanges /
_cwith diagms by George Clarc.
250 _a2nd ed.
260 _aLondon :
_bEffingham Wilson,
_c1921.
300 _aXIV, 172 p. ;
_c22 cm.
852 _aES-MaACL
_jF-3608
999 _c44758
_d44758